[Event "Helsinki op"]
[Site "Helsinki"]
[Date "1992.??.??"]
[Round "4"]
[White "Budnikov, Alexandar"]
[Black "Arakhamia Grant, Ketevan"]
[Result "0-1"]
[WhiteElo "2540"]
[BlackElo "2435"]
[PlyCount "58"]
[EventDate "1992.09.??"]
[Source "ChessBase"]

1. c4 Nf6 2. Nc3 c5 3. Nf3 d6 4. g3 g6 5. Bg2 Bg7 6. d4 O-O 7. d5 e5 8. O-O Ne8 9. e4 Bg4 10. Qc2 Bxf3 11. Bxf3 f5 12. exf5 gxf5 13. Be2 Nd7 14. f4 e4 15. g4 Qh4 16. gxf5 Bd4+ 17. Kh1 Ng7 18. Nxe4 Nxf5 19. Bd2 Rae8 20. Be1 Qe7 21. Bd3 Ne3 22. Rg1+ Kh8 23. Qe2 Nxc4 24. Rg4 Ne3 25. Rh4 Nxd5 26. Bg3 N5f6 27. Re1 Nxe4 28. Bxe4 Nf6 29. Bxh7 Qxe2 0-1

[Event "HUN Ch"]
[Site "HUN"]
[Date "1989.??.??"]
[Round "?"]
[White "Horvath, Jozsef"]
[Black "Hazai, Laszlo"]
[Result "1/2-1/2"]
[WhiteElo "2510"]
[BlackElo "2460"]
[PlyCount "21"]
[EventDate "1989.05.??"]
[Source "www.chesslib.no"]
[SourceDate "2004.05.04"]

1. d4 Nf6 2. c4 g6 3. g3 Bg7 4. Bg2 c5 5. d5 d6 6. Nc3 O-O 7. Nf3 a6 8. O-O b5 9. cxb5 axb5 10. Nxb5 Nbd7 11. Nc3 1/2-1/2

[Event "Vidmar mem"]
[Site "Ljubljana/Portoroz"]
[Date "1989.??.??"]
[Round "?"]
[White "Kupreichik, Viktor D"]
[Black "Mohr, Georg"]
[Result "1-0"]
[WhiteElo "2520"]
[BlackElo "2450"]
[PlyCount "131"]
[EventDate "1989.06.??"]
[Source "ChessBase"]

1. c4 g6 2. Nc3 Bg7 3. Nf3 Nf6 4. g3 O-O 5. Bg2 c5 6. d4 d6 7. dxc5 dxc5 8. Be3 Qa5 9. Qa4 Qb4 10. O-O-O Ng4 11. Qxb4 cxb4 12. Nd5 Nxe3 13. fxe3 Nc6 14. Nd4 Ne5 15. b3 e6 16. Ne7+ Kh8 17. Nxc8 Raxc8 18. Bxb7 Rc7 19. Bf3 a5 20. Rd2 a4 21. Rhd1 Bf6 22. Kb1 Rc5 23. h4 Kg7 24. Rc1 Rd8 25. Kc2 g5 26. hxg5 Bxg5 27. Kd1 Rdc8 28. Nc2 Ra5 29. Ke1 Rb8 30. Kf2 axb3 31. axb3 Ra2 32. Rcd1 Nxc4 33. bxc4 b3 34. Nd4 Rxd2 35. Rxd2 b2 36. Be4 b1=Q 37. Bxb1 Rxb1 38. c5 Rc1 39. c6 Rc3 40. Kf3 e5 41. Nf5+ Kg8 42. Rd6 Kf8 43. Ke4 Rc5 44. g4 Ke8 45. Kd3 Rc1 46. Ke4 Rc5 47. Ng3 Be7 48. Rh6 Bg5 49. Rxh7 Rxc6 50. Nf5 f6 51. Rb7 Ra6 52. Ng7+ Kd8 53. Kf5 Ra2 54. Ne6+ Kc8 55. Rc7+ Kb8 56. Rh7 Bxe3 57. Rh2 Ra4 58. Rh8+ Kb7 59. Rh3 Bf2 60. Rf3 Bg1 61. Rg3 Ra1 62. Kxf6 Rf1+ 63. Rf3 Re1 64. g5 Rxe2 65. g6 e4 66. Rg3 1-0

[Event "EYb18"]
[Site "Budva"]
[Date "2003.09.21"]
[Round "8"]
[White "Grachev, Boris"]
[Black "Zhigalko, Andrey"]
[Result "1-0"]
[WhiteElo "2500"]
[BlackElo "2466"]
[PlyCount "117"]
[EventDate "2003.09.13"]
[Source "Roberto Alvarez"]
[SourceDate "2003.10.13"]

1. d4 Nf6 2. c4 g6 3. g3 Bg7 4. Bg2 O-O 5. Nc3 d6 6. Nf3 c5 7. d5 e5 8. O-O Ng4 9. e4 f5 10. Ng5 Kh8 11. Ne6 Bxe6 12. dxe6 Nc6 13. Nd5 Rb8 14. exf5 gxf5 15. h3 Nh6 16. Bxh6 Bxh6 17. Qh5 Bg7 18. Rad1 Qe8 19. Qxe8 Rbxe8 20. e7 Rf7 21. Bf3 Nxe7 22. Nc7 Rb8 23. Rxd6 e4 24. Bh5 Ng6 25. Ne6 Bxb2 26. Rfd1 Bf6 27. R1d5 Be7 28. Rd7 Kg8 29. Kf1 Bf6 30. Nxc5 b6 31. Ne6 Rc8 32. Rxf7 Kxf7 33. Nf4 Rxc4 34. Rd7+ Kg8 35. Nxg6 hxg6 36. Bxg6 Rc2 37. Bxf5 Kh8 38. Bxe4 Rxa2 39. Rh7+ Kg8 40. Bd5+ Kxh7 41. Bxa2 b5 42. Bb1+ Kh6 43. Bd3 b4 44. Bc2 a5 45. Ke2 Bd8 46. f4 Kh5 47. Kf3 Bc7 48. Bd1 Bb6 49. h4 Bd8 50. Ke4+ Kg6 51. h5+ Kg7 52. g4 Bh4 53. Kf5 Be1 54. g5 Bd2 55. Bc2 Kh8 56. h6 Be3 57. g6 Bd4 58. Bb3 Bc3 59. g7+ 1-0

[Event "Munich zt"]
[Site "Munich"]
[Date "1987.??.??"]
[Round "?"]
[White "Greenfeld, Alon"]
[Black "Hickl, Joerg"]
[Result "0-1"]
[WhiteElo "2515"]
[BlackElo "2450"]
[PlyCount "116"]
[EventDate "1987.01.??"]
[Source "ChessBase"]

1. Nf3 Nf6 2. g3 g6 3. Bg2 Bg7 4. d4 c5 5. d5 d6 6. O-O O-O 7. c4 Na6 8. Nc3 Nc7 9. a4 Rb8 10. e4 Bg4 11. h3 Bxf3 12. Qxf3 a6 13. Qe2 e6 14. Bg5 exd5 15. exd5 Re8 16. Qd3 h6 17. Bf4 Nh5 18. Bd2 Qd7 19. g4 Nf6 20. Bf4 Re7 21. Qg3 Nfe8 22. a5 b5 23. axb6 Rxb6 24. Rab1 Rb3 25. Qd3 f5 26. Qc2 Rb8 27. gxf5 Rf7 28. Be4 gxf5 29. Bf3 Qe7 30. Qd2 Qh4 31. Bg3 Qg5 32. Qf4 Rb4 33. Be2 Qg6 34. Qh4 Bf6 35. Qh5 Qxh5 36. Bxh5 Rg7 37. Rfe1 Bxc3 38. bxc3 Rxb1 39. Rxb1 f4 40. Rb8 Kf8 41. Kg2 fxg3 42. fxg3 Ke7 43. Rb7 Kf6 44. Rb6 a5 45. Bxe8 Nxe8 46. Ra6 Rb7 47. Rxa5 Rb2+ 48. Kf3 Rb3 49. Kf4 Rxc3 50. Ra4 Ng7 51. g4 Rxh3 52. Ra6 Ne8 53. Ra8 Ke7 54. Ra7+ Kf8 55. Rh7 Rh1 56. Rh8+ Kf7 57. Rh7+ Ng7 58. Rh8 Rf1+ 0-1

[Event "Najdorf op"]
[Site "Buenos Aires"]
[Date "1997.??.??"]
[Round "3"]
[White "Sorokin, Maxim"]
[Black "Szmetan, Jorge"]
[Result "1-0"]
[WhiteElo "2560"]
[BlackElo "2405"]
[PlyCount "81"]
[EventDate "1997.05.19"]
[Source "ChessBase"]
[SourceDate "1997.07.29"]

1. d4 Nf6 2. c4 c5 3. d5 e5 4. Nc3 d6 5. g3 g6 6. Bg2 Bg7 7. Nf3 O-O 8. e4 Ne8 9. h4 Bg4 10. Qc2 Nf6 11. Bd2 Na6 12. a3 Nc7 13. b4 Na6 14. b5 Nb8 15. a4 Nh5 16. O-O h6 17. Ra3 Bc8 18. Nh2 f5 19. exf5 gxf5 20. Bh3 Qe8 21. Ne2 Qf7 22. a5 Nd7 23. g4 fxg4 24. Bxg4 Ndf6 25. Bxc8 Raxc8 26. Qf5 Nh7 27. Qxf7+ Rxf7 28. Ng4 Nf4 29. Nxf4 exf4 30. Re1 Nf8 31. Nh2 Ng6 32. Nf3 Ne5 33. Nxe5 Bxe5 34. Bc3 Bxc3 35. Rxc3 f3 36. Rce3 Rcc7 37. Kh2 Kh7 38. Re6 Rcd7 39. Kh3 a6 40. b6 Rg7 41. Rf6 1-0

[Event "Kostic mem"]
[Site "?"]
[Date "1977.??.??"]
[Round "4"]
[White "Marovic Drazen"]
[Black "Schmidt Wlodzimierz"]
[Result "1/2-1/2"]
[WhiteElo "2475"]
[BlackElo "2490"]
[PlyCount "123"]
[EventDate "1977.??.??"]
[Source "www.chesslib.no"]
[SourceDate "2004.05.04"]

1. d4 Nf6 2. c4 g6 3. g3 Bg7 4. Bg2 c5 5. d5 d6 6. Nc3 O-O 7. Nf3 Na6 8. O-O Nc7 9. a4 Rb8 10. Bf4 b6 11. e4 a6 12. e5 Nh5 13. Be3 dxe5 14. a5 b5 15. Bxc5 bxc4 16. Nd2 Rxb2 17. Nxc4 Rb8 18. d6 exd6 19. Bxd6 e4 20. Bxf8 Qxf8 21. Rc1 f5 22. Nb6 Be5 23. Ncd5 Qf7 24. Nxc7 Bxc7 25. Nxc8 Rxc8 26. Qc2 Nf6 27. Rfd1 Rd8 28. Rxd8+ Bxd8 29. Qc8 Qd5 30. Bf1 Kg7 31. Qc5 Qd2 32. Rb1 Kh6 33. Bxa6 Ng4 34. Qc1 Qxc1+ 35. Rxc1 Bxa5 36. h3 Nf6 37. Kg2 Kg7 38. Rc5 Bb4 39. Rc7+ Kh6 40. Bc4 Bc3 41. Be6 Bd4 42. Rc4 Be5 43. Bc8 Bb8 44. g4 fxg4 45. Bxg4 Kg5 46. Bc8 Be5 47. Bb7 Kf5 48. Kf1 Bb8 49. Ke2 Ke5 50. Ra4 Bc7 51. Rb4 Bd6 52. Rc4 Bb8 53. Rc5+ Kf4 54. Rc8 Ba7 55. Ra8 Bd4 56. Ra4 Ke5 57. Ra5+ Kf4 58. Rb5 Ba7 59. Ra5 Bd4 60. Ra6 Ke5 61. Bc8 Kf4 62. Ra5 1/2-1/2

[Event "Bucharest ROM"]
[Site "?"]
[Date "2006.05.07"]
[Round "3"]
[White "Vajda Albert"]
[Black "Manolache Marius"]
[Result "1/2-1/2"]
[WhiteElo "2472"]
[BlackElo "2492"]
[PlyCount "21"]
[EventDate "2006.??.??"]
[Source "www.chesslib.no"]
[SourceDate "2004.05.04"]

1. c4 Nf6 2. g3 g6 3. Bg2 Bg7 4. Nf3 c5 5. O-O O-O 6. d4 Na6 7. d5 d6 8. Nc3 Nc7 9. a4 Bf5 10. Nh4 Bd7 11. e4 1/2-1/2

[Event "JUG-Cup qual"]
[Site "Arandjelovac"]
[Date "1991.??.??"]
[Round "5"]
[White "Ilincic, Zlatko"]
[Black "Cabrilo, Goran"]
[Result "1/2-1/2"]
[WhiteElo "2470"]
[BlackElo "2490"]
[PlyCount "50"]
[EventDate "1991.??.??"]
[Source "www.chesslib.no"]
[SourceDate "2004.05.04"]

1. d4 Nf6 2. c4 c5 3. d5 g6 4. Nf3 Bg7 5. g3 d6 6. Bg2 O-O 7. O-O Na6 8. Nc3 Nc7 9. a4 Rb8 10. h3 a6 11. a5 b5 12. axb6 Rxb6 13. Ra2 e6 14. dxe6 Bxe6 15. b3 h6 16. Na4 Rb8 17. Bf4 Nce8 18. g4 Qc8 19. Qd3 h5 20. Ng5 Bd7 21. gxh5 Nxh5 22. Bxd6 Nxd6 23. Qxd6 Bxa4 24. Rxa4 Qf5 25. Qd5 Nf4 1/2-1/2

[Event "Las Palmas ESP"]
[Site "Las Palmas ESP"]
[Date "1990.??.??"]
[Round "?"]
[White "Granda Zuniga, Julio E"]
[Black "Cramling, Pia"]
[Result "0-1"]
[WhiteElo "2485"]
[BlackElo "2470"]
[PlyCount "72"]
[EventDate "1990.??.??"]
[Source "www.chesslib.no"]
[SourceDate "2004.05.04"]

1. d4 Nf6 2. c4 c5 3. d5 g6 4. Nc3 Bg7 5. Nf3 d6 6. g3 O-O 7. Bg2 e6 8. dxe6 Bxe6 9. Ng5 Bxc4 10. Bxb7 Nbd7 11. Qxd6 Rb8 12. Bg2 Re8 13. O-O Bxe2 14. Nxe2 Rxe2 15. Qa6 Qe8 16. Bf4 Rbxb2 17. Bf3 Re7 18. Qa3 Rb6 19. Bc7 h6 20. Bxb6 axb6 21. Nh3 Ne4 22. Rad1 g5 23. Rfe1 Bd4 24. Re2 Nc3 25. Rxe7 Qxe7 26. Rc1 Ne2+ 27. Bxe2 Qxe2 28. Qa8+ Kg7 29. Kh1 Ne5 30. Qg2 Nd3 31. Rf1 Ne1 32. Ng1 Qe6 33. Qb7 g4 34. f4 Bxg1 35. Kxg1 Qe3+ 36. Kh1 Qe2 0-1

[Event "YUG-chT"]
[Site "?"]
[Date "1998.??.??"]
[Round "9"]
[White "Drasko Milan"]
[Black "Bakic Rados"]
[Result "1-0"]
[WhiteElo "2515"]
[BlackElo "2440"]
[PlyCount "73"]
[EventDate "1998.??.??"]
[Source "www.chesslib.no"]
[SourceDate "2004.05.04"]

1. Nf3 Nf6 2. c4 g6 3. d4 Bg7 4. g3 O-O 5. Bg2 d6 6. O-O c5 7. d5 Na6 8. Nc3 Nc7 9. a4 Rb8 10. e4 a6 11. a5 b5 12. axb6 Rxb6 13. Ra3 Nd7 14. Na4 Rb8 15. Bf4 Bxb2 16. Nxb2 Rxb2 17. Bh6 Rb4 18. Qa1 f6 19. Bxf8 Qxf8 20. Ra4 Rb6 21. Qc3 Na8 22. Raa1 Rb4 23. Rfb1 Rxb1+ 24. Rxb1 Ndb6 25. Nd2 Qd8 26. Qa5 Qc7 27. f4 Kg7 28. h4 Kf7 29. Kh2 h5 30. Rb3 Ke8 31. e5 fxe5 32. fxe5 dxe5 33. Ne4 Nd7 34. Qxc7 Nxc7 35. Bh3 Kd8 36. Bxd7 Bxd7 37. Rb8+ 1-0

[Event "Mitropa Cup"]
[Site "Baden"]
[Date "1999.04.03"]
[Round "3"]
[White "Stohl, Igor"]
[Black "Bergez, Luc"]
[Result "1-0"]
[WhiteElo "2573"]
[BlackElo "2378"]
[PlyCount "63"]
[EventDate "1999.04.??"]
[Source "ChessBase"]
[SourceDate "1999.08.01"]

1. c4 Nf6 2. d4 g6 3. g3 Bg7 4. Bg2 O-O 5. Nc3 d6 6. Nf3 c5 7. d5 Na6 8. O-O Rb8 9. h3 Nc7 10. a4 b6 11. e4 a6 12. e5 Nd7 13. exd6 exd6 14. Bg5 f6 15. Bf4 Ne5 16. Nxe5 fxe5 17. Be3 b5 18. b3 bxc4 19. bxc4 Rb4 20. Qe2 Ne8 21. a5 h6 22. Ne4 Nf6 23. Nxc5 Qc7 24. Ne6 Bxe6 25. dxe6 Re8 26. Bb6 Qc8 27. Bd5 Nxd5 28. cxd5 Rb5 29. Qe4 Qa8 30. Qxg6 Rxd5 31. Rad1 Re7 32. Qe4 1-0

[Event "Balaton Summer op"]
[Site "?"]
[Date "2002.06.24"]
[Round "4"]
[White "Liptay Laszlo"]
[Black "Chatalbashev Boris"]
[Result "0-1"]
[WhiteElo "2410"]
[BlackElo "2537"]
[PlyCount "82"]
[EventDate "2002.??.??"]
[Source "www.chesslib.no"]
[SourceDate "2004.05.04"]

1. d4 g6 2. Nf3 Bg7 3. c4 c5 4. d5 d6 5. g3 Nf6 6. Bg2 O-O 7. O-O Na6 8. Nc3 Nc7 9. e4 Bg4 10. h3 Bxf3 11. Qxf3 a6 12. a4 b5 13. axb5 axb5 14. Rxa8 Qxa8 15. e5 Nd7 16. exd6 exd6 17. cxb5 Qa5 18. Bd2 Nxb5 19. b4 Qxb4 20. Rb1 Nd4 21. Qg4 Ne5 22. Rxb4 Nxg4 23. Rb6 Ne5 24. Bf4 Ra8 25. Bxe5 Bxe5 26. f4 Bg7 27. Ne4 Nf5 28. Nxd6 Bd4+ 29. Kh2 Ne3 30. Be4 Ra2+ 31. Kh1 Nf1 32. Bg2 Nxg3+ 33. Kh2 Nf1+ 34. Kh1 Ng3+ 35. Kh2 Nh5 36. Rb8+ Kg7 37. Ne8+ Kh6 38. d6 Nxf4 39. d7 Rxg2+ 40. Kh1 Rg1+ 41. Kh2 Ne2 0-1

[Event "Cacak"]
[Site "Cacak"]
[Date "1991.??.??"]
[Round "8"]
[White "Chatalbashev, Boris"]
[Black "Damljanovic, Branko"]
[Result "0-1"]
[WhiteElo "2385"]
[BlackElo "2560"]
[PlyCount "50"]
[EventDate "1991.05.??"]
[Source "ChessBase"]

1. d4 Nf6 2. c4 c5 3. d5 g6 4. Nc3 Bg7 5. Nf3 O-O 6. g3 d6 7. Bg2 Na6 8. O-O Nc7 9. Bf4 b5 10. cxb5 Rb8 11. Qd3 a6 12. bxa6 Bxa6 13. Qd2 Bc4 14. Ne1 Nfxd5 15. Nxd5 Nxd5 16. Bxd5 Rxb2 17. Qd1 Bxe2 18. Qc1 Bxf1 19. Kxf1 e6 20. Bb3 Qa8 21. Bc2 Rxa2 22. Rxa2 Qxa2 23. Qd2 d5 24. Nd3 c4 25. Ne5 Qa1+ 0-1

[Event "ARG-ch 72nd"]
[Site "Pinamar"]
[Date "2002.03.19"]
[Round "11"]
[White "Slipak, Sergio"]
[Black "Flores, Diego"]
[Result "1-0"]
[WhiteElo "2498"]
[BlackElo "2442"]
[PlyCount "81"]
[EventDate "2002.03.11"]
[Source "ChessBase"]
[SourceDate "2002.03.21"]

1. d4 Nf6 2. c4 g6 3. g3 Bg7 4. Bg2 O-O 5. Nc3 d6 6. Nf3 c5 7. d5 e5 8. dxe6 Bxe6 9. Ng5 Bxc4 10. Bxb7 Nbd7 11. Bxa8 Qxa8 12. O-O d5 13. a4 d4 14. b3 Ba6 15. Nb5 Bb7 16. Ba3 h6 17. Nf3 g5 18. Rc1 Qb8 19. Re1 a6 20. Nbxd4 cxd4 21. Bxf8 Nxf8 22. Nxd4 Qe5 23. Nc6 Qe6 24. Qc2 Qh3 25. f3 Ng6 26. Qc5 Bf8 27. Qd4 Nh5 28. Qg4 Qxg4 29. fxg4 Nf6 30. e4 Bc8 31. b4 Nd7 32. Red1 Nb6 33. a5 Na4 34. Rd8 Bxg4 35. b5 axb5 36. a6 Nb6 37. a7 Kg7 38. Rb8 Ba3 39. Rc3 b4 40. Rxa3 bxa3 41. Rxb6 1-0

[Event "Cappelle op"]
[Site "Cappelle la Grande"]
[Date "1998.??.??"]
[Round "4"]
[White "Burmakin, Vladimir"]
[Black "Yuferov, Sergey  N"]
[Result "0-1"]
[WhiteElo "2550"]
[BlackElo "2390"]
[PlyCount "98"]
[EventDate "1998.02.21"]
[Source "ChessBase"]
[SourceDate "1998.04.29"]

1. d4 Nf6 2. c4 g6 3. g3 Bg7 4. Bg2 O-O 5. Nc3 c5 6. d5 d6 7. Nf3 e6 8. dxe6 Bxe6 9. Ng5 Bxc4 10. Bxb7 Nbd7 11. Bxa8 Qxa8 12. O-O d5 13. b3 Ba6 14. Ba3 Re8 15. Re1 d4 16. Na4 Qd5 17. Nh3 Bh6 18. e4 Rxe4 19. Rxe4 Nxe4 20. Bc1 Bb7 21. f3 Nd2 22. Bxd2 Bxd2 23. Qxd2 Qxf3 24. Rf1 Qh1+ 25. Kf2 Qxh2+ 26. Ke1 Qxh3 27. Qf4 Bd5 28. Rf2 Qh1+ 29. Rf1 Qh5 30. Kd2 Be6 31. Rf2 Qd5 32. Qf3 Qd6 33. Qf4 Qd5 34. Qf3 Qd6 35. Qf4 Qc6 36. Re2 h5 37. Qe4 Qc7 38. Qf4 Qc6 39. Qe4 Qc7 40. Qf4 Qa5+ 41. Kc1 Qa6 42. Re1 Qc6 43. Nb2 Nb6 44. Qe4 Qc8 45. Qc2 Nd5 46. Nd3 Nc3 47. Ne5 Bf5 48. Qg2 Qa6 49. Qc6 Qa3+ 0-1